000 00748nam a22001697a 4500
003 UA-OsUOA
001 15219
007 ta
008 20031103b un ||||| |||| 00| 0 ukr d
100 _aГордич В.
942 _cSA
040 _aUA-OsUOA
_cUA-OsUOA
_dUA-OsUOA
245 _a"Полісянка" зачарувала Буковину : [В Чернівцях відбувся Міжнар. фест.хореограф. мистецтва "Салби Буковини" . з якого "Полісянка " повернулася з дипломом лауреата- переможця]
_cГордич В.
955 _a0
773 0 _w0
_tСім днів
_dРівне
_d2003
_g№27/4 лип./
650 7 _aКраєзнавча робота
_2UDC
999 _c301384
_d301384